| 000 | 00694nam a2200229Ia 4500 | ||
|---|---|---|---|
| 003 | GCL | ||
| 008 | 140319s9999 xx 000 0 ara d | ||
| 040 |
_aGCL / _cGCL |
||
| 082 | 0 | 4 |
_a964.08 _bك ا |
| 100 | 1 | _aكمال محمد حسن | |
| 245 | 1 | 0 |
_aالادارة الاسبانية المغرب فى عهد الحماية / _cكمال محمد حسن |
| 260 |
_a[S.N] : _bمطابع سجل العرب ، _c1990 |
||
| 300 | _a160 ص | ||
| 490 | _a | ||
| 650 | 0 | 4 | _aالعصر الحديث |
| 650 | 0 | 4 | _aتاريخ |
| 650 | 0 | 4 | _aالمغرب |
| 650 | 0 | 4 | _aالادارة |
| 650 | 0 | 4 | _aالتنمية الادارية |
| 650 | 0 | 4 | _aالاحتلال الفرنسى |
| 942 |
_2ddc _cBK |
||
| 999 |
_c36124 _d36124 |
||